[Event "XV Carlos Torre"]
[Site "Merida MEX"]
[Date "2002.12.18"]
[Round "6"]
[White "Baltazar,R"]
[Black "Pigusov,E"]
[Result "0-1"]
[WhiteElo "2278"]
[BlackElo "2622"]
[EventDate "2002.12.13"]

1. Nf3 Nf6 2. d4 d5 3. e3 c5 4. Bd3 Nc6 5. c3 g6 6. Nbd2 Bg7 7. O-O O-O 8.
Re1 Nd7 9. Bf1 e5 10. dxe5 Ndxe5 11. e4 Bg4 12. Qb3 Nxf3+ 13. Nxf3 Bxf3 14.
gxf3 d4 15. f4 c4 16. Qxc4 Rc8 17. Qb3 dxc3 18. bxc3 Na5 19. Qa3 Bxc3 20.
Be3 Bxa1 21. Rxa1 Nc4 22. Bxc4 Rxc4 23. e5 a6 24. Qb3 Qc7 25. Qd1 Rd8 26.
Qb3 0-1

[Event "XV Carlos Torre"]
[Site "Merida MEX"]
[Date "2002.12.18"]
[Round "6"]
[White "Lobron,E"]
[Black "Leon Hoyos,M"]
[Result "1/2-1/2"]
[WhiteElo "2500"]
[BlackElo "2261"]
[EventDate "2002.12.13"]

1. Nf3 g6 2. d4 Bg7 3. c3 c5 4. Bf4 cxd4 5. cxd4 Nf6 6. Nc3 O-O 7. e3 d6 8.
Be2 a6 9. O-O b5 10. b4 Nc6 11. Qb3 Qb6 12. Rac1 Bb7 13. Bg5 Qa7 14. d5 Nb8
15. e4 Nbd7 16. Be3 Qb8 17. Nd2 Re8 18. a4 bxa4 19. Qxa4 e6 20. Nc4 exd5
21. exd5 Rd8 22. Rfd1 Ne8 23. Na5 Bc8 1/2-1/2

[Event "XV Carlos Torre"]
[Site "Merida MEX"]
[Date "2002.12.18"]
[Round "6"]
[White "Aldama,D"]
[Black "Navarro,R"]
[Result "1-0"]
[WhiteElo "2443"]
[BlackElo "2289"]
[EventDate "2002.12.13"]

1. e4 e5 2. Nf3 Nc6 3. Bb5 a6 4. Ba4 Nf6 5. O-O Nxe4 6. d4 b5 7. Bb3 d5 8.
dxe5 Be6 9. Qe2 Na5 10. Nbd2 Nxd2 11. Bxd2 c5 12. Bxa5 Qxa5 13. c3 Be7 14.
Rad1 Rd8 15. a3 O-O 16. Rd2 Rd7 17. Rfd1 Rfd8 18. h4 c4 19. Bc2 Bg4 20.
Rxd5 Rxd5 21. Rxd5 Rxd5 22. Qe4 Bf5 23. Qxf5 g6 24. Qe4 Qd8 25. h5 Bc5 26.
b4 Bb6 27. Qf4 Qe7 28. hxg6 hxg6 29. Qe4 Qe6 30. Qh4 Bd8 31. Qh6 Qg4 32.
Qe3 Bc7 33. Qa7 Qd7 34. g3 Qc6 35. e6 fxe6 36. Qe3 Kg7 37. Nd4 Qd7 38.
Nxe6+ Kf6 39. Nf8 Rd1+ 40. Kh2 Qd2 41. Qf3+ Ke7 42. Nxg6+ Kd7 43. Qxd1 1-0

[Event "XV Carlos Torre"]
[Site "Merida MEX"]
[Date "2002.12.18"]
[Round "6"]
[White "Gongora Montes,B"]
[Black "Szekely,P"]
[Result "1/2-1/2"]
[WhiteElo "2269"]
[BlackElo "2417"]
[EventDate "2002.12.13"]

1. d4 Nf6 2. Nf3 g6 3. Bg5 Bg7 4. Nbd2 O-O 5. e4 d6 6. Be2 c5 7. c3 cxd4 8.
cxd4 h6 9. Bh4 Nh5 10. O-O g5 11. Bg3 Nxg3 12. hxg3 Nc6 13. d5 Nd4 14. Nxd4
Bxd4 15. Nc4 Bg7 16. Qd2 Bd7 17. f4 b5 18. Ne3 Qb6 19. Rad1 f5 20. exf5
gxf4 21. Rxf4 Rxf5 22. Rxf5 Bxf5 23. Kh2 Rf8 24. Rf1 Be4 25. Rxf8+ 1/2-1/2

[Event "XV Carlos Torre"]
[Site "Merida MEX"]
[Date "2002.12.18"]
[Round "6"]
[White "Garcia Martinez,S"]
[Black "Peric,Sl"]
[Result "1-0"]
[WhiteElo "2382"]
[BlackElo "2282"]
[EventDate "2002.12.13"]

1. d4 d5 2. c4 c6 3. Nf3 Nf6 4. e3 a6 5. Nbd2 Bg4 6. h3 Bh5 7. Be2 e6 8.
O-O Nbd7 9. b3 Bd6 10. Bb2 Qb8 11. a4 O-O 12. Ra2 Bg6 13. Nh4 c5 14. Nxg6
hxg6 15. cxd5 exd5 16. dxc5 Nxc5 17. Nf3 Nce4 18. Qa1 Rc8 19. Bd3 Qc7 20.
Bd4 Qe7 21. Rc1 Qf8 22. Nd2 Rxc1+ 23. Qxc1 Rc8 24. Rc2 Rxc2 25. Qxc2 Nxd2
26. Qxd2 Qc8 27. Bxg6 fxg6 28. Bxf6 Qf5 29. Bb2 Qb1+ 30. Qc1 Qd3 31. Bc3 b5
32. axb5 axb5 33. b4 Kh7 34. g3 Be7 35. Qb2 Qe4 36. Bd4 Bf6 37. h4 Qf3 38.
Bxf6 gxf6 39. Qd4 1-0

[Event "XV Carlos Torre"]
[Site "Merida MEX"]
[Date "2002.12.18"]
[Round "6"]
[White "Vega,J"]
[Black "Ramirez,Al"]
[Result "1-0"]
[WhiteElo "2253"]
[BlackElo "2421"]
[EventDate "2002.12.13"]

1. d4 Nf6 2. c4 c5 3. Nf3 g6 4. Nc3 Bg7 5. e3 O-O 6. Be2 cxd4 7. Nxd4 Nc6
8. O-O Nxd4 9. Qxd4 d6 10. Rd1 Be6 11. Bd2 a6 12. Qh4 Rc8 13. b3 Re8 14.
Rac1 Rc7 15. e4 Qb8 16. Bf4 Nd7 17. Nd5 Bxd5 18. exd5 b5 19. Be3 Bf6 20.
Qg4 Ne5 21. Qe4 bxc4 22. Bxc4 a5 23. Ba6 Rxc1 24. Rxc1 Qa8 25. Qa4 Rb8 26.
Qxa5 Nd3 27. Rc4 Nc5 28. Bxc5 dxc5 29. Qc7 Rd8 30. Bb7 Qb8 31. Rxc5 Qxc7
32. Rxc7 e6 33. Rc5 Bd4 34. Rb5 exd5 35. Bxd5 Re8 36. Kf1 Bc3 37. g3 Re1+
38. Kg2 Re2 39. Rb7 Rxa2 40. Rxf7 Kh8 41. h4 Bd4 42. g4 h6 43. Kg3 g5 44.
hxg5 hxg5 45. f4 gxf4+ 46. Kxf4 Bc3 47. Kf5 Ra5 48. Rd7 Ra6 49. g5 Rb6 50.
Be6 Ra6 51. Rc7 Bd4 52. b4 Rb6 53. Rc4 Be3 54. Kf6 Bxg5+ 55. Kxg5 Rxe6 56.
Kf5 Re1 57. Re4 Rd1 58. b5 Kg7 59. Ke6 Rb1 60. Re5 Kg6 61. Kd6 Kf6 62. Rd5
Rb2 63. Kc6 Ke6 64. Rc5 Rf2 65. b6 1-0

[Event "XV Carlos Torre"]
[Site "Merida MEX"]
[Date "2002.12.18"]
[Round "6"]
[White "Hernandez,Ya"]
[Black "Gonzalez Garcia,J"]
[Result "0-1"]
[WhiteElo "2234"]
[BlackElo "2416"]
[EventDate "2002.12.13"]

1. e4 e6 2. d4 d5 3. Nc3 Nf6 4. Bg5 Bb4 5. e5 h6 6. Be3 Ne4 7. Qg4 g6 8. a3
Bxc3+ 9. bxc3 Nxc3 10. Bd3 Nc6 11. h4 Qe7 12. h5 g5 13. Nh3 Bd7 14. f4 gxf4
15. Bf2 Qf8 16. O-O O-O-O 17. Nxf4 Rg8 18. Qh3 Qg7 19. Bh4 Nxd4 20. Bxd8
Rxd8 21. Rae1 Nc6 22. Ne2 Nxe2+ 23. Rxe2 Nxe5 24. Qe3 Nxd3 25. cxd3 b6 26.
Qf4 f5 27. Rc1 c5 28. d4 c4 29. Rec2 Kb7 30. Re1 Rg8 31. Rf2 Kc6 32. Re3
Qh8 33. Rfe2 Rg4 34. Qf2 Qxd4 35. a4 Rf4 36. Qg3 Re4 0-1

[Event "XV Carlos Torre"]
[Site "Merida MEX"]
[Date "2002.12.18"]
[Round "6"]
[White "Espinosa,Ra MEX"]
[Black "Schaffenburg Ruiz,F"]
[Result "1-0"]
[WhiteElo "2414"]
[BlackElo "2163"]
[EventDate "2002.12.13"]

1. e4 e6 2. d4 d5 3. e5 c5 4. c3 Nc6 5. Nf3 Qb6 6. a3 Bd7 7. b4 cxd4 8.
cxd4 Rc8 9. Bb2 Nh6 10. Nc3 Na5 11. Na4 Bxa4 12. Qxa4+ Nc6 13. Rc1 a6 14.
Bd3 Be7 15. O-O O-O 16. Rfe1 Na7 17. Qd7 Rxc1 18. Rxc1 Bd8 19. Qa4 f6 20.
Qc2 f5 21. h3 Rf7 22. Qa4 Rf8 23. Rc5 Be7 24. Rc2 Nf7 25. Qd7 Bd8 26. Rc5
g6 27. Bc1 Nc6 28. Bd2 Nxd4 29. Nxd4 Nxe5 30. Qxe6+ Qxe6 31. Nxe6 Nxd3 32.
Rxd5 1-0

[Event "XV Carlos Torre"]
[Site "Merida MEX"]
[Date "2002.12.18"]
[Round "6"]
[White "Martin del Campo,J"]
[Black "Baldursson,Hr"]
[Result "0-1"]
[WhiteElo "2346"]
[BlackElo "2100"]
[EventDate "2002.12.13"]

1. d4 Nf6 2. c4 g6 3. Nc3 Bg7 4. e4 d6 5. Nf3 Bg4 6. Qb3 Bxf3 7. Qxb7 Bxe4
8. Nxe4 Nbd7 9. Bd3 O-O 10. O-O Nxe4 11. Qxe4 c5 12. d5 Rb8 13. Rb1 Ne5 14.
Be2 Re8 15. f4 Nd7 16. Qc2 e6 17. Bf3 Bd4+ 18. Kh1 Nf6 19. dxe6 fxe6 20.
Bd2 e5 21. Bc6 Ng4 22. Be1 Rf8 23. Rf3 Rxf4 24. Rxf4 exf4 25. Qe4 Qf6 26.
b3 Qe5 27. h3 Nf2+ 28. Bxf2 Qxe4 29. Bxe4 Bxf2 30. Rd1 Bd4 31. Kh2 Rf8 32.
Bf3 Re8 33. g3 Re3 34. Bd5+ Kg7 35. gxf4 Re2+ 36. Kg3 Rxa2 37. Rf1 Kf6 38.
Bc6 Rd2 39. Rf3 Bg1 40. Rf1 Bh2+ 41. Kf3 Rd4 42. Be4 h5 43. Rf2 Bg3 44. Ra2
h4 45. Rxa7 Rd1 46. Kg4 Rd4 47. Kf3 g5 48. fxg5+ Kxg5 49. Rg7+ Kf6 50. Rg6+
Kf7 51. Rh6 Rd2 52. Rh7+ Kf6 53. Rh6+ Kg5 54. Rg6+ Kh5 55. Rg8 Rb2 56. Rb8
Kg5 57. Bd5 Kf5 58. Rb7 Ke5 59. Ke3 Rh2 60. Re7+ Kf6 61. Rf7+ Kg6 62. Be6
Rh1 63. Kd2 Re1 64. Bd5 Re5 65. Rf3 Kg5 66. Kd3 Bf4 67. Be4 Re7 68. Rf1 Ra7
69. Rg1+ Bg3 70. Bc6 Ra2 71. Rg2 Ra1 72. Ke3 Rb1 73. Ba4 Kf5 74. Re2 Ke5
75. Rc2 Bf4+ 76. Kf3 Bg3 77. Ke3 Re1+ 78. Re2 Rf1 79. Rc2 Bf4+ 80. Ke2 Rh1
81. Bd7 Kd4 82. Bf5 Bg5 83. Kf3 Rg1 84. Bd7 Rg3+ 85. Kf2 Rxb3 86. Bf5 Bf4
87. Be6 Bg3+ 88. Kg2 Ke3 89. Bd5 Be5 90. Ra2 Rc3 91. Be6 Bf4 92. Rb2 Kd4
93. Rf2 Ke5 94. Re2+ Kf6 95. Kg1 Be5 96. Bd5 Rxh3 97. Kg2 Rg3+ 98. Kh1 h3
99. Rf2+ Kg5 100. Rf3 Rg4 101. Rxh3 Rd4 102. Rb3 Rd2 103. Rf3 Bf4 104. Rb3
Kf5 105. Kg1 Ke5 106. Kf1 Rxd5 107. cxd5 Kxd5 108. Ke2 c4 109. Rb1 Ke4 110.
Kd1 d5 111. Kc2 Be5 112. Re1+ 0-1

[Event "XV Carlos Torre"]
[Site "Merida MEX"]
[Date "2002.12.18"]
[Round "6"]
[White "Ramirez,H"]
[Black "Ancheyta,T"]
[Result "0-1"]
[WhiteElo "2208"]
[BlackElo "2282"]
[EventDate "2002.12.13"]

1. d4 Nf6 2. Nf3 g6 3. Bg5 d5 4. Bxf6 exf6 5. Nbd2 Nd7 6. e4 dxe4 7. Nxe4
f5 8. Ng3 Bg7 9. Qe2+ Qe7 10. Qxe7+ Kxe7 11. O-O-O Rd8 12. Bc4 Nb6 13.
Rhe1+ Kf8 14. Bb3 Nd5 15. Ne2 a5 16. a3 Rb8 17. c4 Nf6 18. Ne5 Ng4 19. Nxg4
fxg4 20. d5 b5 21. c5 a4 22. Bc2 b4 23. axb4 Rxb4 24. b3 axb3 0-1

[Event "XV Carlos Torre"]
[Site "Merida MEX"]
[Date "2002.12.18"]
[Round "6"]
[White "Hidalgo,M"]
[Black "De Winter,W"]
[Result "0-1"]
[WhiteElo "2079"]
[BlackElo "2247"]
[EventDate "2002.12.13"]

1. e4 c6 2. d4 d5 3. exd5 cxd5 4. c4 e6 5. Nf3 Nf6 6. Nc3 Be7 7. c5 Nc6 8.
Bb5 O-O 9. Bxc6 bxc6 10. O-O Qc7 11. Re1 Bd7 12. Ne5 Be8 13. Bf4 Qb7 14.
Qc2 Nh5 15. Nd3 g5 16. Bd2 Ng7 17. f4 f6 18. fxg5 Bg6 19. Be3 e5 20. Qd2
Bxd3 21. Qxd3 e4 22. Qc2 fxg5 23. Bf2 Rae8 24. a4 Qd7 25. b4 Nf5 26. b5 Bf6
27. Ne2 e3 28. Bg3 Nxg3 29. hxg3 Bd8 30. Nc1 Qg4 31. Re2 Qxg3 32. Na2 Bc7
0-1

[Event "XV Carlos Torre"]
[Site "Merida MEX"]
[Date "2002.12.18"]
[Round "6"]
[White "Lopez,Man MEX"]
[Black "Hernandez,C"]
[Result "1-0"]
[WhiteElo "2105"]
[BlackElo "2210"]
[EventDate "2002.12.13"]

1. e4 d6 2. d4 Nf6 3. Bd3 g6 4. f4 Nc6 5. c3 e5 6. fxe5 dxe5 7. d5 Ne7 8.
Nf3 Bg7 9. O-O c6 10. c4 cxd5 11. cxd5 Qb6+ 12. Kh1 Bg4 13. Nbd2 O-O 14.
Nc4 Qa6 15. Ncxe5 Qd6 16. Nc4 Qa6 17. Ne3 Bxf3 18. Rxf3 Qb6 19. Nc4 Qa6 20.
Bg5 Rfe8 21. d6 b5 22. Ne3 Qxd6 23. Bxb5 Red8 24. Qxd6 Rxd6 25. e5 Rb6 26.
Bc4 Bf8 27. exf6 Nc6 28. Nd5 Rxb2 29. Ne7+ Bxe7 30. fxe7 Rbb8 31. Re1 Nd4
32. Rxf7 Nf5 33. Rxf5+ Kg7 34. Rf7+ Kg8 35. Bh6 Kh8 36. Bf4 Rg8 37. Be5+
Rg7 38. Rxg7 h5 39. Rf1 Rg8 40. Rxg8+ Kh7 41. Rh8+ 1-0

[Event "XV Carlos Torre Wimbledon"]
[Site "Merida MEX"]
[Date "2002.12.18"]
[Round "1"]
[White "Lalic,B"]
[Black "Kogan,Ar"]
[Result "1/2-1/2"]
[WhiteElo "2542"]
[BlackElo "2529"]
[EventDate "2002.12.13"]

1. d4 Nf6 2. c4 c6 3. Nc3 d5 4. e3 a6 5. Qc2 e6 6. Bd2 b5 7. b3 Nbd7 8. Nf3
b4 9. Na4 Ne4 10. Bd3 Nxd2 11. Nxd2 Bb7 12. e4 dxe4 13. Bxe4 f5 14. Bf3 Qf6
15. O-O Qxd4 16. Rad1 Ne5 17. Bh5+ g6 18. Nf3 Nxf3+ 19. Bxf3 Qf6 20. Rfe1
Be7 21. Qe2 Rd8 22. Rxd8+ Kxd8 23. Qe3 e5 24. Rd1+ Kc7 25. Bxc6 1/2-1/2

[Event "XV Carlos Torre Wimbledon"]
[Site "Merida MEX"]
[Date "2002.12.18"]
[Round "1"]
[White "Ehlvest,J"]
[Black "Gonzalez,JC"]
[Result "1-0"]
[WhiteElo "2600"]
[BlackElo "2517"]
[EventDate "2002.12.13"]

1. d4 Nf6 2. Nf3 e6 3. e3 d5 4. c4 c5 5. Nc3 Nc6 6. a3 a6 7. b3 Bd6 8. Bb2
O-O 9. cxd5 exd5 10. Be2 cxd4 11. Nxd4 Bc7 12. O-O Qd6 13. g3 Bh3 14. Re1
Rfe8 15. Rc1 Nxd4 16. Qxd4 Bb6 17. Qh4 Bd7 18. Bf3 Qe6 19. Ne2 Ne4 20. Nf4
Qf5 21. Rcd1 d4 22. Bxd4 Bxd4 23. Rxd4 Bc6 24. Qh5 Qf6 25. Qg4 Qh6 26. Bg2
a5 27. Rc1 Nf6 28. Qf5 Bxg2 29. Kxg2 1-0

[Event "XV Carlos Torre Wimbledon"]
[Site "Merida MEX"]
[Date "2002.12.18"]
[Round "1"]
[White "Tyomkin,D"]
[Black "Filippov,Va"]
[Result "1/2-1/2"]
[WhiteElo "2492"]
[BlackElo "2615"]
[EventDate "2002.12.13"]

1. d4 d5 2. c4 c6 3. cxd5 cxd5 4. Nc3 Nf6 5. Bf4 a6 6. e3 Nc6 7. Nf3 Bf5 8.
Bd3 Bxd3 9. Qxd3 e6 10. O-O Bd6 11. Bxd6 Qxd6 12. Rac1 O-O 13. a3 Rac8 14.
Rc2 Ne7 1/2-1/2

[Event "XV Carlos Torre Wimbledon"]
[Site "Merida MEX"]
[Date "2002.12.18"]
[Round "1"]
[White "Georgiev,Vl"]
[Black "Dominguez,L"]
[Result "1/2-1/2"]
[WhiteElo "2501"]
[BlackElo "2608"]
[EventDate "2002.12.13"]

1. d4 d5 2. c4 c6 3. cxd5 cxd5 4. Nc3 Nf6 5. Bf4 Nc6 6. e3 Bf5 7. Nf3 e6 8.
Be2 Bd6 9. Ne5 Bxe5 10. Bxe5 Nxe5 11. dxe5 Nd7 12. Qd4 a6 13. f4 h5 14. e4
dxe4 15. Nxe4 Bxe4 16. Qxe4 Qb6 17. O-O-O O-O-O 18. Kb1 Nc5 19. Qc2 Rxd1+
20. Rxd1 Kb8 21. a3 a5 22. Rc1 Nb3 23. Rd1 Nd4 24. Qd3 Nxe2 25. Qxe2 g6 26.
Rd7 Rc8 27. Rxf7 Qg1+ 28. Ka2 Rc1 29. Qd2 Ra1+ 30. Kb3 Qb6+ 31. Kc2 Qc6+
32. Kd3 Qc5 33. Ke2 Ka7 34. Kf3 Rc1 35. Qe3 Qxe3+ 36. Kxe3 Rc2 37. Rf6 Rxb2
38. Rxe6 Rxg2 39. a4 Kb8 40. Rd6 Kc7 41. Rd2 Rxd2 42. Kxd2 Kc6 43. h4 b5
44. axb5+ Kxb5 45. Kc3 a4 46. Kb2 Kc6 47. Kc2 Kb6 48. Kd3 Kc5 49. Kd2 Kc6
50. Kc2 Kb6 51. Kb2 Kc6 52. Ka2 1/2-1/2

[Event "XV Carlos Torre Wimbledon"]
[Site "Merida MEX"]
[Date "2002.12.18"]
[Round "1"]
[White "Zapata,A"]
[Black "Nogueiras,J"]
[Result "1/2-1/2"]
[WhiteElo "2556"]
[BlackElo "2528"]
[EventDate "2002.12.13"]

1. e4 Nf6 2. e5 Nd5 3. d4 d6 4. Nf3 dxe5 5. Nxe5 c6 6. Nd2 Nd7 7. Nd3 g6 8.
Nf3 Bg7 9. Be2 O-O 10. O-O a5 11. Re1 b5 12. c3 Ba6 13. Nfe5 Nxe5 14. Nxe5
Qc7 15. a4 e6 16. Bd3 bxa4 17. Bxa6 Rxa6 18. Rxa4 Qb7 19. Nd3 Raa8 20. h4
h5 21. Bg5 Nb6 22. Ra2 Nd7 23. Be7 Rfe8 24. Bd6 Qb5 25. Ra1 Qd5 26. Bg3 c5
27. dxc5 Nxc5 28. Nxc5 Qxc5 29. Rb1 e5 30. Qb3 Rab8 31. Qa2 Rb5 32. Rbd1
Qb6 33. Rd7 Rf8 34. Qa3 Rb3 35. Qd6 Rxb2 36. Qxb6 Rxb6 37. Ra1 1/2-1/2

[Event "XV Carlos Torre Wimbledon"]
[Site "Merida MEX"]
[Date "2002.12.19"]
[Round "2"]
[White "Ehlvest,J"]
[Black "Arencibia,W"]
[Result "0-1"]
[WhiteElo "2600"]
[BlackElo "2521"]
[EventDate "2002.12.13"]

1. e4 g6 2. d4 Bg7 3. Nc3 c6 4. Nf3 d5 5. h3 Nf6 6. e5 Ne4 7. Nxe4 dxe4 8.
Ng5 c5 9. d5 Bxe5 10. Nxe4 Nd7 11. Be2 O-O 12. O-O Qc7 13. Bg5 Nb6 14. Qd2
Bf5 15. Nc3 Rad8 16. Nb5 Qb8 17. c4 Rfe8 18. Nc3 Nc8 19. Rfe1 Nd6 20. Bf1
f6 21. Be3 b6 22. Rad1 g5 23. b3 Bg6 24. f4 gxf4 25. Bxf4 Nf7 26. Ne2 Bxf4
27. Nxf4 e5 28. Ne2 Nd6 29. Ng3 Qc7 30. Bd3 f5 31. Qf2 Qf7 32. Bb1 Re7 33.
Rd2 Rf8 34. Rde2 Qg7 35. Kh2 Kh8 36. Rf1 Rff7 37. Ree1 h5 38. Kh1 Kg8 39.
Qd2 h4 40. Ne2 f4 41. Bxg6 Qxg6 42. Rf3 Ne4 43. Qb2 Ng5 44. Rff1 f3 45. Ng1
e4 46. Re3 Rg7 47. Rf2 Qd6 48. Qd2 Rg6 49. gxf3 exf3 50. Qe1 Rxe3 51. Qxe3
Qg3 52. Rh2 Kh7 53. Qe7+ Rg7 54. Qe3 Rf7 55. Rf2 Nxh3 56. Qd3+ Kg8 57. Nxh3
Qxh3+ 58. Rh2 Qg3 59. Qf1 Kf8 60. Rh3 Qg4 61. d6 Ke8 62. Rh2 Kd7 63. Rd2
Qe6 64. Rd3 h3 0-1

[Event "XV Carlos Torre Wimbledon"]
[Site "Merida MEX"]
[Date "2002.12.19"]
[Round "2"]
[White "Filippov,Va"]
[Black "Hernandez,Gi"]
[Result "1-0"]
[WhiteElo "2615"]
[BlackElo "2546"]
[EventDate "2002.12.13"]

1. Nf3 g6 2. d4 Nf6 3. c4 Bg7 4. g3 O-O 5. Bg2 d6 6. Nc3 Nc6 7. O-O a6 8.
Qd3 Bd7 9. d5 Nb4 10. Qd2 a5 11. Nd4 Ng4 12. Rb1 c5 13. dxc6 Nxc6 14. Nxc6
Bxc6 15. b3 Ne5 16. Bb2 a4 17. Bxc6 bxc6 18. f4 a3 19. Ba1 Qb6+ 20. Kg2 Ng4
21. Rf3 Rfd8 22. e4 Nf6 23. Rd1 Qa5 24. Rd3 Rdb8 25. Qe2 Nd7 26. Na4 Bxa1
27. Rxa1 Qb4 28. Nc3 Nc5 29. Rf3 Qa5 30. h4 h5 31. Qe3 Nd7 32. e5 dxe5 33.
f5 Kg7 34. Ne4 Nf6 35. fxg6 Nxe4 36. Qxe4 f6 37. Qxc6 Qd2+ 38. Rf2 Qd4 39.
Qe6 Qe4+ 40. Kh2 Qxg6 41. Qxe7+ Qf7 42. Qxf7+ Kxf7 43. Rd1 Rd8 44. Rfd2
Rxd2+ 45. Rxd2 Ke6 46. Kg2 f5 47. Kf2 e4 48. Rd5 Ra7 49. Rd8 Rd7 50. Rxd7
Kxd7 51. Ke3 Kc7 52. Kd4 Kb7 53. b4 Kc7 54. c5 Kc6 55. Kc4 Kb7 56. b5 Kc7
57. c6 Kb6 58. Kd4 Kc7 59. Kc5 e3 60. b6+ Kc8 61. Kd6 e2 62. b7+ Kb8 63.
c7+ Kxb7 64. Kd7 e1=Q 65. c8=Q+ Kb6 66. Qb8+ Ka5 67. Qa7+ Kb5 68. Qxa3 Qd2+
69. Ke6 f4 70. Qb3+ Kc6 71. Qc4+ 1-0

[Event "XV Carlos Torre Wimbledon"]
[Site "Merida MEX"]
[Date "2002.12.19"]
[Round "2"]
[White "Dominguez,L"]
[Black "Nogueiras,J"]
[Result "1/2-1/2"]
[WhiteElo "2608"]
[BlackElo "2528"]
[EventDate "2002.12.13"]

1. e4 e6 2. d4 d5 3. Nc3 Nf6 4. e5 Nfd7 5. f4 c5 6. Nf3 Nc6 7. Be3 a6 8.
Qd2 b5 9. dxc5 Bxc5 10. Bxc5 Nxc5 11. Qf2 Qb6 12. Bd3 b4 13. Ne2 a5 14. O-O
Ba6 15. Kh1 Ne7 16. Rad1 Na4 17. Qxb6 Nxb6 18. g3 Nd7 19. Bxa6 Rxa6 20. a3
bxa3 21. Ra1 Nb8 22. Rxa3 Nbc6 23. Nc1 O-O 24. Nd3 Rb6 1/2-1/2

[Event "XV Carlos Torre Wimbledon"]
[Site "Merida MEX"]
[Date "2002.12.20"]
[Round "3"]
[White "Arencibia,W"]
[Black "Milov,V"]
[Result "1/2-1/2"]
[WhiteElo "2521"]
[BlackElo "2620"]
[EventDate "2002.12.13"]

1. d4 Nf6 2. c4 e6 3. Nc3 Bb4 4. e3 c5 5. Nge2 cxd4 6. exd4 O-O 7. a3 Be7
8. Nf4 d6 9. Be2 e5 10. Nfd5 Nxd5 11. Nxd5 Nc6 12. Be3 Bg5 13. O-O Bxe3 14.
fxe3 Be6 15. Nb4 Ne7 16. Qd2 Rc8 17. Rac1 Ng6 18. Bf3 Rxc4 19. Bxb7 exd4
20. Rxc4 Bxc4 21. Rc1 dxe3 22. Qxe3 Re8 23. Qd4 Be6 24. Qxa7 Nf4 25. Kh1 d5
26. Qf2 g5 27. Bc6 Re7 28. g3 Nh3 29. Qf6 Qd6 30. Rf1 Rc7 31. Bb5 d4 32.
Be2 Rc5 33. Bg4 Qe5 34. Qf3 Qe3 35. Qxe3 dxe3 36. Bxe6 fxe6 37. Kg2 g4 38.
Re1 e2 39. Nd3 Rc2 40. Nf2 Rxb2 1/2-1/2

[Event "XV Carlos Torre Wimbledon"]
[Site "Merida MEX"]
[Date "2002.12.20"]
[Round "3"]
[White "Filippov,Va"]
[Black "Dominguez,L"]
[Result "1-0"]
[WhiteElo "2615"]
[BlackElo "2608"]
[EventDate "2002.12.13"]

1. Nf3 d5 2. d4 Nf6 3. c4 c6 4. Qb3 dxc4 5. Qxc4 Bf5 6. g3 e6 7. Bg2 Nbd7
8. O-O Be7 9. Nc3 O-O 10. e3 Ne4 11. Rd1 Nxc3 12. bxc3 Be4 13. a4 c5 14.
Nd2 Bxg2 15. Kxg2 Rc8 16. Qb3 Qc7 17. e4 Rfd8 18. Bb2 Nb8 19. Rac1 Nc6 20.
Nc4 Na5 21. Nxa5 Qxa5 22. Ba3 Qc7 23. Bxc5 Bxc5 24. dxc5 Rxd1 25. Rxd1 g6
26. Qb4 Kg7 27. a5 Qxc5 28. Qxb7 Rc7 29. Qb4 e5 30. a6 Qxb4 31. cxb4 Rc4
32. b5 Rb4 33. Rd7 Rxb5 34. Rxa7 Ra5 35. h4 Ra3 36. g4 Kf6 37. g5+ Ke6 38.
Ra8 Ke7 39. a7 Ra2 40. Kf3 Ra4 41. Ke3 Ra3+ 42. Kd2 Ra2+ 43. Kc3 Ra3+ 44.
Kb4 Ra1 45. Kc5 Ra2 46. Kb6 Rb2+ 47. Kc6 Ra2 48. Rc8 Rxa7 49. Rc7+ Rxc7+
50. Kxc7 Ke6 51. Kc6 f6 52. Kc5 Ke7 53. Kd5 Kf7 54. Kd6 Kg7 55. Ke6 1-0